| 000 | 01156nab a22002177a 4500 | ||
|---|---|---|---|
| 999 |
_c5720 _d5720 |
||
| 003 | OSt | ||
| 005 | 20251231180134.0 | ||
| 008 | 190605e xxu||||| |||| 00| 0 spa d | ||
| 040 | _cPJ | ||
| 100 |
_94558 _aLitterio, Liliana Hebe |
||
| 245 | 1 | 3 |
_aEl trabajo infantil escondido detrás de los muros del deporte : _bfútbol / _cLiliana Hebe Litterio. |
| 260 |
_aCiudad Autónoma de Buenos Aires : _bThomson Reuters La Ley, _c2023. |
||
| 300 | _ap. 5 | ||
| 500 | _aCita: TR LALEY AR/DOC/939/2023. | ||
| 505 | _aSumario: I. Una visión general del tema.— II. Algunas de las normas existentes.— III. La mirada de algunos de los protagonistas: entrenadores, preparadores físicos, coordinadores, progenitores y más.— IV. La sombra de algunos futbolistas que no llegaron a la meta.— V. Una breve reflexión final. | ||
| 505 | _t¿Te interesa el texto completo? Solicitalo al correo: koha@justierradelfuego.gov.ar | ||
| 650 | 0 |
_91316 _aDERECHO LABORAL |
|
| 650 | 0 |
_93725 _aDEPORTES |
|
| 773 | 0 |
_02711 _93168 _dCiudad Autónoma de Buenos Aires : Thomson Reuters La Ley, 1999-2002. _tRevista de derecho del trabajo. Nº 3 - Mayo 2023 |
|
| 942 |
_2udc _cANA |
||